Food Packaging Design with Different Elements of the Country of Origin Identification

Cieľom článku je posúdiť možnosť identifikácie krajiny pôvodu výrobku umiestnením rôznych kultúrnych prvkov danej krajiny na ich obal. Na získanie primárnych údajov bola použitá metóda kvantitatívneho výskumu. Štúdie sa zúčastnilo 193 respondentov zo Slovenska.

Salvato in:
Dettagli Bibliografici
Autore principale: Jarossová, Malgorzata Agnieszka, 1978-
Altri autori: Gondárová, Jana, 1983-, Gordanová, Jana
Natura: Capitolo di libro
Lingua:inglese
Soggetti:
Tags: Aggiungi Tag
Nessun Tag, puoi essere il primo ad aggiungerne!!

MARC

LEADER 00000naa a2200000 4500
001 0279021
005 20240502083847.0
041 0 |a eng 
044 |a PL 
245 1 0 |a Food Packaging Design with Different Elements of the Country of Origin Identification  |c Malgorzata Agnieszka Jarossová, Jana Gondárová, Jana Gordanová 
520 |a Cieľom článku je posúdiť možnosť identifikácie krajiny pôvodu výrobku umiestnením rôznych kultúrnych prvkov danej krajiny na ich obal. Na získanie primárnych údajov bola použitá metóda kvantitatívneho výskumu. Štúdie sa zúčastnilo 193 respondentov zo Slovenska. 
610 2 0 |a spotrebitelia 
610 2 0 |a obaly 
610 2 0 |a dizajn 
610 2 0 |a produkt národný hrubý 
100 1 |a Jarossová, Malgorzata Agnieszka, 1978- 
700 1 |a Gondárová, Jana, 1983- 
700 1 |a Gordanová, Jana